Statistiques concernant Ligne Yamanote, Tokyo, Japon

Cliquez ici pour prendre le quiz!

Statistiques générales

  • Ce quiz a été pris 146 fois
    (128 depuis la dernière actualisation)
  • Le résultat moyen est 15 sur 30

Réponses sur la Carte

Les réponses sont colorées sur une échelle allant du rouge au vert en fonction du pourcentage des utilisateurs qui les ont devinées à leur premier essai. Vous pouvez retrouver ces pourcentages ci-dessous.
 

Statistiques - réponses

Réponse% Correct
Shibuya
95%
Shinjuku
92%
Tokyo
85%
Akihabara
77%
Harajuku
75%
Ueno
75%
Ikebukuro
72%
Shinagawa
65%
Ebisu
63%
Meguro
55%
Yoyogi
53%
Kanda
52%
Shin-Okubo
52%
Takadanobaba
48%
Nippori
47%
Shinbashi
47%
Gotanda
43%
Nishi-Nippori
43%
Mejiro
42%
Osaki
40%
Yurakucho
40%
Hamamatsu-cho
37%
Sugamo
37%
Uguisudani
33%
Tamachi
32%
Otsuka
30%
Tabata
28%
Komagome
27%
Okachimachi
27%
Takanawa Gateway
25%

Distribution des résultats

Percentile par nombre de réponses

% des personnes avec chaque résultat

Votre développement - résultats

Vous n’avez pas pris ce quiz depuis la dernière actualisation